000 00621nam a2200241Ia 4500
003 OSt
005 20220918174449.0
006 a|||||r|||| 00| 0
007 ta
008 220917b |||||||| |||| 00| 0 eng d
024 _a12,298
037 _cTextual
040 _aARTS
_cARTS
_beng
041 _2eng
_aeng
082 _aMY2143.44Q7, N7
100 _aFriskin Sydney
_950576
245 0 _aGoing for gold
_b Pakistan at hockey
260 _c1997
300 _axiii, 186p.
_ccm.
650 _aINDUSTRIAL ARTS
942 _hMY2143.44Q7, N7
_cTEXL
_2CC
999 _c153293
_d153293